000 01681cam a22004694i 4500
003 PE-LiUPU
005 20250731173109.0
008 150623s1997 pau rb 000 0 eng d
020 _a1563381990
035 _a(Sirsi) i9781563381997
040 _aPE-LiUPU
_bspa
_cPE-LiUPU
_erda
049 _aPRUA
082 0 4 _a226.5066
_bA57
_221
100 1 _aAnderson, Paul N.,
_d1956-,
_eautor.
245 1 4 _aThe christology of the fourth gospel :
_bits unity and disunity in the light of John 6 /
_cPaul N. Anderson.
264 1 _aValley Forgge, Pennsylvania :
_bTrinity Press International,
_c1997.
300 _a329 páginas ;
_c23 centímetros
336 _atext
_2rdacontent
337 _aunmediated
_2rdamedia
338 _avolume
_2rdacarrier
504 _aIncluye bibliografía.
505 0 _aThree relevant surveys -- The unity and disunity of John 6 -- John 6 three levels of dialogue.
526 _aSEG42
526 _aSEG41
526 _aSEG40
526 _aSEG39
526 _aP94
526 _aP87
526 _aP86
526 _aP85
526 _aP77
526 _aP76
526 _aP35
600 1 _aJesucristo
_xMinisterio
630 _aBiblia.
_pN.T.
_pJuan
_xCrítica, interpretación, etc.
942 _2ddc
_cBOOK
949 _a226.5066 A57
_wDEWEY
_c1
_i49517
_lCCODEBUL1
_mBUL
_r0
_sY
_tBOOK
_u2015-6-24
_xTEOLOGIA
_PP35
_0COMPRA
_o.STAFF. Colección Teología
994 _aC0
_bPEPRU
596 _a1
999 _a226.5066 A57
_wDEWEY
_c30474
_i49517
_f2021-11-9
_g5
_lCCODEBUL1
_mBUL
_p25.00
_r0
_sY
_tBOOK
_u2015-6-24
_xTEOLOGIA
_PP35
_0COMPRA
_o.STAFF. Colección Teología
_d30474
980 _81
_gALBERTO SANCHEZ Responsable de Automatización